Indian unrest (Record no. 34620)

MARC details
000 -LEADER
fixed length control field 00269nam a2200109Ia 4500
082 ## - DEWEY DECIMAL CLASSIFICATION NUMBER
Classification number 32 (540)
Item number CHI
100 ## - MAIN ENTRY--AUTHOR NAME
Personal name Chirol, Valentine
245 #0 - TITLE STATEMENT
Title Indian unrest
260 ## - PUBLICATION, DISTRIBUTION, ETC. (IMPRINT)
Place of publication New Delhi
Name of publisher Light and Life
Year of publication 1979
942 ## - ADDED ENTRY ELEMENTS (KOHA)
Koha item type Books
Holdings
Withdrawn status Lost status Damaged status Not for loan Home library Current library Date acquired Cost, normal purchase price Full call number Accession Number Koha item type
        RRII Library RRII Library 16/12/2021 85.00 32 (540) CHI 15050 Books